000 00733cam a22002413a 4500
001 1462
003 PGUSA
005 20140828083001.0
008 980901s1998||||xxu|||||s|||||000 e eng d
040 _aPGUSA
_beng
042 _adc
050 4 _aPR
100 1 _aThackeray, William Makepeace,
_d1811-1863
245 1 0 _aSome Roundabout Papers
_h[electronic resource] /
_cWilliam Makepeace Thackeray
260 _bProject Gutenberg,
_c1998
505 0 _aOn some carp at Sans Souci -- De juventute -- Round about the Christmas tree.
506 _aPublic domain in the USA.
516 _aElectronic text
653 _aEssays
830 0 _aProject Gutenberg
_v1462
856 4 0 _uhttp://www.gutenberg.org/ebooks/1462
942 _cEB
999 _c230810
_d230810